000 01293cam a2200313 4500
001 J3963
008 090401t1996 xxu||||| |||| 00| 0 eng d
035 _a(Sirsi) u57720
041 _aeng
050 _a346.410438
110 _aInvestment Property Forum
_92112
245 _aReadiness for sale : the code of practice for streamlining commercial property transactions.
260 _aLondon
_bInvestment Property Forum
_c1996
300 _a19p. ; 30cm.
350 _a0
520 _aProduced by the Investment Property Forum Working Party on Streamling Commercial Property Transctions with the support of the RICS and other interested bodies, the code of practice is intended as a step towards eliminating the factors which hinder property transactions such as incomplete or unavailable documentation and information.
650 _aBUILDING SURVEYS
650 _aCOMMERCIAL PROPERTY TRANSACTIONS
650 _aPROPERTY-COMMERCIAL PROPERTY
650 _aCONVEYANCING
650 _aENVIRONMENTAL AUDITS
650 _aHEADS OF TERMS
650 _aPROPERTY INFORMATION PACKAGES
650 _aREADINESS FOR SALE
690 _aPROPERTY-COMMERCIAL PROPERTY-COMMERCIAL PROPERTY FINANCE AND INVESTMENT
700 _aBourne, Teddy
_xChairman
942 _n0
948 _c04/03/1997
999 _c93966
_d93966